Catálogo
 En Linea

Nacimiento y evolución del cooperativismo universal : (Registro nro. 51283)

Detalles MARC
000 -CABECERA
campo de control de longitud fija 01411nam a22002897a 4500
003 - IDENTIFICADOR DEL NÚMERO DE CONTROL
campo de control DO-SdBNP
005 - FECHA Y HORA DE LA ÚLTIMA TRANSACCIÓN
campo de control 20230327142202.0
007 - CAMPO FIJO DE DESCRIPCIÓN FÍSICA--INFORMACIÓN GENERAL
campo de control de longitud fija ta
008 - DATOS DE LONGITUD FIJA--INFORMACIÓN GENERAL
campo de control de longitud fija 220201b2021 |a||e |||| 001 0 spa d
020 ## - NÚMERO INTERNACIONAL ESTÁNDAR DEL LIBRO
Número Internacional Estándar del Libro 9789945099478
040 ## - FUENTE DE LA CATALOGACIÓN
Centro catalogador/agencia de origen DO-SdBNP
Lengua de catalogación spa
Centro/agencia transcriptor BNPHU
082 #4 - NÚMERO DE LA CLASIFICACIÓN DECIMAL DEWEY
Número de clasificación 334
Número de documento/Ítem R173n
Número de edición 22
100 1# - ENTRADA PRINCIPAL--NOMBRE DE PERSONA
Nombre de persona Ramírez Cruz, Claudio E.
Fechas asociadas al nombre 1978 -
9 (RLIN) 81070
245 10 - MENCIÓN DE TÍTULO
Título Nacimiento y evolución del cooperativismo universal :
Resto del título historia e ideología del cooperativismo
Mención de responsabilidad, etc. Claudio E. Ramírez Cruz
260 ## - PUBLICACIÓN, DISTRIBUCIÓN, ETC.
Lugar de publicación, distribución, etc. Santo Domingo :
Nombre del editor, distribuidor, etc. Cooperativa de Ahorros y Crédito "El Progreso" INC.
-- Cooperativa de Ahorro, Crédito y Servicios Múltiples Manoguayabo, INC.,
Fecha de publicación, distribución, etc. 2021.
300 ## - DESCRIPCIÓN FÍSICA
Extensión 533 p. :
Otras características físicas il. ;
Dimensiones 21 cm
500 ## - NOTA GENERAL
Nota general Incluye datos biográficos del autor en la contracubierta del libro.
504 ## - NOTA DE BIBLIOGRAFÍA, ETC.
Nota de bibliografía, etc. Bibliografía : p. 533.
505 ## - NOTA DE CONTENIDO CON FORMATO
Nota de contenido con formato Capítulo I.
Título Propulsores del cooperativismo y su nacimiento --
505 ## - NOTA DE CONTENIDO CON FORMATO
Nota de contenido con formato Capítulo II.
Título América del Norte --
-- América del Sur --
-- Centro América --
-- Europa --
-- Ásia --
-- África --
-- El Caribe
505 ## - NOTA DE CONTENIDO CON FORMATO
Nota de contenido con formato Capítulo III.
Título Liderazgo cooperativo dominicano y su incidencia a nivel internacional
505 ## - NOTA DE CONTENIDO CON FORMATO
Nota de contenido con formato Capítulo IV.
Título Himno del cooperativismo dominicano --
-- Himno del cooperativismo mundial
-- Bibliografía --
590 ## - NOTA LOCAL (RLIN)
Nota local Inventariado, 2022 / SA
650 #4 - PUNTO DE ACCESO ADICIONAL DE MATERIA--TÉRMINO DE MATERIA
9 (RLIN) 9309
Término de materia o nombre geográfico como elemento de entrada Cooperativismo
910 ## - DATOS DE OPCIÓN DEL USUARIO (OCLC)
Datos de opción del usuario Saquino/Validado. Control de calidad MFF
942 ## - ELEMENTOS DE PUNTO DE ACCESO ADICIONAL (KOHA)
Fuente del sistema de clasificación o colocación Dewey Decimal Classification
Tipo de ítem Koha Libro
Existencias
Estado de retiro Estado de pérdida Fuente del sistema de clasificación o colocación Restricciones de uso No para préstamo Código de colección Localización permanente Ubicación/localización actual Ubicación en estantería Fecha de adquisición Fuente de adquisición Signatura topográfica completa Código de barras Fecha visto por última vez Precio válido a partir de Tipo de ítem Koha Número de copia
    Dewey Decimal Classification Excluido de préstamo   Patrimonio Dominicano Biblioteca Nacional Pedro Henríquez Ureña Biblioteca Nacional Pedro Henríquez Ureña Depósito 08.01.2021 Depósito Legal BNPHU PD 334 R173n 2022-0423 01.02.2022 01.02.2022 Libro  
    Dewey Decimal Classification Excluido de préstamo   Patrimonio Dominicano Biblioteca Nacional Pedro Henríquez Ureña Biblioteca Nacional Pedro Henríquez Ureña Depósito 08.11.2021 Depósito Legal BNPHU PD 334 R173n 2022-0424 01.02.2022 01.02.2022 Libro e.2
    Dewey Decimal Classification Préstamo en sala   Dominicana de Servicio Biblioteca Nacional Pedro Henríquez Ureña Biblioteca Nacional Pedro Henríquez Ureña Depósito 08.11.2018 Depósito Legal BNPHU DS 334 R173n 2022-0425 01.02.2022 01.02.2022 Libro e.3

Con tecnología Koha